000
00321nam a22001337a 4500
020
_a
978-019-567698-3
082
_a
030
_b
JON/O
100
_a
LAW, JONATHAN
245
_a
OXFORD LANGUAGE REFERENCE
260
_a
DELHI
_b
OXFORD UNIVERSITY PRESS
_c
2001
300
_a
218
650
_a
LANGUAGE REFERENCE 1
_z
INDIA
942
_c
BK
999
_c
2038
_d
2038